Szczegóły MARC21

Elliptic curves : notes from postgraduate lectures given in Lausanne 1971/72 /

003 -Nazwa inst., której nr kontr. jest w polu 001 [,]
    • @
    • Nazwa instytucji, której n kontrolny jest w polu 001
    • NUKAT
005 -DATA I CZAS OSTATNIEJ MODYFIKACJI [,]
    • @
    • pole kontrolne
    • 20241231092701.0
020 -Międzynarod. znormalizowany nr książki - ISBN [ , ]
    • a
    • Numer ISBN
    • 3540063099 Find
    • q
    • Dopowiedzenie
    • Springer-Verlag Berlin
020 -Międzynarod. znormalizowany nr książki - ISBN [ , ]
    • a
    • Numer ISBN
    • 0387063099 Find
    • q
    • Dopowiedzenie
    • Springer-Verlag New York
020 -Międzynarod. znormalizowany nr książki - ISBN [ , ]
    • a
    • Numer ISBN
    • 9783540063094 Find
040 -Instytucja sporządzająca opis [ , ]
    • a
    • Instytucja, która sporządziła opis (NP)
    • SZCZ U/KLR
    • b
    • Język katalogowania
    • pol
    • e
    • Zasady katalogowania
    • rda
    • c
    • Instytucja, która sporządziła rekord (NP)
    • SZCZ U/KLRs
942 -Rodzaj dokumentu [ , ]
    • c
    • Rodzaj dokumentu
    • Książka
100 -Hasło główne - nazwa osobowa [1, ]
    • a
    • Nazwa osobowa (NP)
    • Robert, Alain
    • d
    • Daty biograficzne (NP)
    • (1941- ).
    • e
    • Rodzaj współpracy
    • Autor
    • 9
    • KHW
    • 688697
245 -Strefa tytułu i oznaczenia odpowiedzialności [1,0]
    • a
    • Tytuł
    • Elliptic curves : Find
    • b
    • Ciąg dalszy tytułu (NP)
    • notes from postgraduate lectures given in Lausanne 1971/72 / Find
    • c
    • Pozostałe elementy strefy tytułu i oznaczenia odpowiedzialności (NP)
    • Alain Robert.
250 -Strefa wydania [ , ]
    • a
    • Oznaczenie wydania (NP)
    • 1st edition, 2nd corrected printing.
260 -Strefa adresu wydawniczego [ , ]
    • a
    • Miejsce wydania (P)
    • Berlin [i pozostałe] :
    • b
    • Nazwa wydawcy (P)
    • Springer-Verlag,
    • c
    • Data wydania (P)
    • 1986.
300 -Strefa opisu fizycznego [ , ]
    • a
    • Określenie formy książki i/lub objętość (NP)
    • VIII, 264 strony :
    • b
    • Oznaczenie ilustracji (NP)
    • ilustracje, errata ;
    • c
    • Format (NP)
    • 25 cm.
336 -Typ zawartości [ , ]
    • a
    • Termin opisujący typ zawartości
    • Tekst
    • b
    • Kod określający zawartość
    • txt
    • 2
    • Źródło (terminu i kodu)
    • rdacontent
337 -Typ mediów [ , ]
    • a
    • Tryb odtwarzania
    • Bez urządzenia pośredniczącego
    • b
    • Kod typu mediów
    • n
    • 2
    • Źródło (terminu i kodu)
    • rdamedia
338 -Typ/rodzaj nośnika [ , ]
    • a
    • Hasło opisujące typ nośnika
    • Wolumin
    • b
    • Kod typu nośnika
    • nc
    • 2
    • Źródło (terminu i kodu)
    • rdacarrier
490 -Strefa serii i książki wielotomowej - forma nie do wyszukiwania [1, ]
    • a
    • Tytuł (P)
    • Lecture Notes in Mathematics ; Find
    • v
    • Numeracja (P)
    • 326
830 -Hasło dodatkowe serii i opisu książki wielotomowej - tytuł ujednolicony/tytuł [ ,0]
    • a
    • Tytuł ujednolicony/tytuł (NP)
    • Lecture Notes in Mathematics
    • x
    • ISSN
    • 0075-8434
    • v
    • Oznaczenie tomu (NP)
    • 326
    • 9
    • KHW
    • 11014
504 -Uwaga dot. bibliogr. załącznikowej [ , ]
    • a
    • Uwaga dot. bibliografii załącznikowej
    • Bibliografia na stronach 254-261. Indeks.
530 -Uwaga dot. innej postaci fizycznej dokumentu [ , ]
    • a
    • Uwaga dot. innej postaci fizycznej dokumentu
    • Dostępne również w formie elektronicznej.
080 -Uniwersalna Klasyfikacja Dziesiętna [ , ]
    • 2
    • Identyfikator wydania tablic
    • UDC-P058
    • 9
    • UKD
    • 4033
    • a
    • Symbol klasyfikacji
    • 512.7
    • b
    • Dopowiedzenie
    • Geometria algebraiczna. Algebra pierścieni. Krzywe algebraiczne.
    • 4
    • UKD2
    • 7641
    • x
    • Poddział wspólny
    • (061)
    • c
    • Dopowiedzenie poddz. wspólnego
    • (Wydawnictwa odnoszące się do konferencji, zjazdów itd. Sprawozdania z konferencji).
    • 4
    • UKD2
    • 7644
    • x
    • Poddział wspólny
    • =111
    • c
    • Dopowiedzenie poddz. wspólnego
    • =Język angielski.
650 -Hasło przedmiotowe [ ,7]
    • a
    • Hasło przedmiotowe
    • Krzywe algebraiczne.
    • 2
    • Źródło terminu
    • kaba
    • 9
    • KHW
    • 116051
650 -Hasło przedmiotowe [ ,7]
    • a
    • Hasło przedmiotowe
    • Powierzchnie Riemanna.
    • 2
    • Źródło terminu
    • kaba
    • 9
    • KHW
    • 125319
980 -Symbol UKD [ , ]
    • a
    • UKD
    • 512.7(061)=111
710 -Hasło dodatkowe - nazwa ciała zbiorowego [2, ]
    • a
    • Nazwa ciała zbiorowego lub nazwa geograficzna jako pierwszy element (NP)
    • Springer-Verlag (Berlin).
    • e
    • Rodzaj współpracy
    • Wydawca
    • 4
    • Kod relacji
    • pbl
    • 9
    • KHW
    • 54874
856 -Dostęp do wersji elektronicznej [4,1]
    • z
    • Uwaga
    • Licencja krajowa
920 -ISBN [ , ]
    • a
    • ISBN
    • 3-540-06309-9 Find
    • q
    • Dopowiedzenie
    • Springer-Verlag Berlin
920 -ISBN [ , ]
    • a
    • ISBN
    • 0-387-06309-9 Find
    • q
    • Dopowiedzenie
    • Springer-Verlag New York
920 -ISBN [ , ]
    • a
    • ISBN
    • 978-3-540-06309-4 Find
Lokalizacja Data inwentaryzacji Status udost. Numer inwentarzowy
BG2013-02-051N.20816